000
00325nam a2200145Ia 4500
100
_a
Govt. Advisory Board
650
_a
General
942
_c
BK
654
_a
Bussiness Dictonary
245
_a
Govt. Business Dictionary
260
_b
Language Directorate
_a
Pune
_c
1988
300
_a
614
546
_a
ENGLISH
999
_c
31241
_d
31241